Blind eyes and bloody kids (Record no. 74636)
[ view plain ]
| 000 -LEADER | |
|---|---|
| fixed length control field | 01194cab a2200217 4500 |
| 001 - CONTROL NUMBER | |
| control field | ABS68401 |
| 008 - FIXED-LENGTH DATA ELEMENTS--GENERAL INFORMATION | |
| fixed length control field | 041125n2004 000 0 eng u |
| 035 ## - SYSTEM CONTROL NUMBER | |
| System control number | (Sirsi) u128154 |
| 100 ## - MAIN ENTRY--PERSONAL NAME | |
| Personal name | Akenhead, R. |
| 245 ## - TITLE STATEMENT | |
| Title | Blind eyes and bloody kids |
| 260 ## - PUBLICATION, DISTRIBUTION, ETC. | |
| Date of publication, distribution, etc. | 2004 |
| 490 ## - SERIES STATEMENT | |
| Series statement | Building |
| Volume/sequential designation | 269(8356) 5 November 2004, 51(1) |
| 520 ## - SUMMARY, ETC. | |
| Summary, etc. | Argues for contractors to be aware of defects or dangers in their building work even if they do what the contract requires. Relevant cases are mentioned including "Plant construction v Clive Adams Associates" ([2000] BLR 205), where a builder was obliged to warn of a dangerous design defect of which it was aware. In "Gabriel v Kirklees Metropolitan Council" ([2004] EWCA Civ 345) the CA held that a defendant may be liable for damage caused by the deliberate wrongdoing of a third party where a defendant negligently permits or causes a state of danger to be created on their land. |
| 590 ## - LOCAL NOTE (RLIN) | |
| Local note | ABS |
| 650 ## - SUBJECT ADDED ENTRY--TOPICAL TERM | |
| Topical term or geographic name entry element | DEFECTS AND FAILURES |
| 650 ## - SUBJECT ADDED ENTRY--TOPICAL TERM | |
| Topical term or geographic name entry element | PLANT CONSTRUCTION V CLIVE ADAMS ASSOCIATES |
| 650 ## - SUBJECT ADDED ENTRY--TOPICAL TERM | |
| Topical term or geographic name entry element | GABRIEL V KIRKLEES METROPOLITAN COUNCIL |
| 650 ## - SUBJECT ADDED ENTRY--TOPICAL TERM | |
| Topical term or geographic name entry element | CONTRACTOR LIABILITY |
| 690 ## - LOCAL SUBJECT ADDED ENTRY--TOPICAL TERM (OCLC, RLIN) | |
| Topical term or geographic name as entry element | BUILT ENVIRONMENT-BUILDING PATHOLOGY |
| 942 ## - ADDED ENTRY ELEMENTS (KOHA) | |
| Suppress in OPAC | 0 |
| Withdrawn status | Lost status | Source of classification or shelving scheme | Damaged status | Not for loan | Home library | Current library | Shelving location | Date acquired | Total Checkouts | Full call number | Barcode | Date last seen | Copy number | Price effective from | Koha item type |
|---|---|---|---|---|---|---|---|---|---|---|---|---|---|---|---|
| Dewey Decimal Classification | London | London | Journal article | 25/11/2004 | ABS68401 | 128154-1001 | 06/08/2019 | 1 | 06/08/2019 | Journal article |